進化しないポケモン - Statistics

General Stats
  • This quiz has been taken 641 times
    448 since last reset
  • The average score is 91 of 201
Answer Stats
世代 種類 図鑑No. 名前 % Correct
赤緑 151 ミュウ
92%
赤緑 伝説 150 ミュウツー
91%
赤緑 準伝説 145 サンダー
88%
赤緑 準伝説 144 フリーザー
86%
赤緑 準伝説 146 ファイヤー
86%
金銀 伝説 249 ルギア
80%
金銀 伝説 250 ホウオウ
80%
RS 伝説 384 レックウザ
77%
RS 伝説 382 カイオーガ
76%
RS 伝説 383 グラードン
76%
DP 伝説 484 パルキア
75%
金銀 準伝説 243 ライコウ
74%
金銀 準伝説 244 エンテイ
74%
金銀 準伝説 245 スイクン
74%
DP 伝説 483 ディアルガ
74%
BW 伝説 644 ゼクロム
74%
BW 伝説 643 レシラム
73%
RS 準伝説 378 レジアイス
70%
RS 準伝説 379 レジスチル
70%
DP 491 ダークライ
70%
金銀 251 セレビィ
69%
RS 準伝説 377 レジロック
69%
DP 493 アルセウス
69%
RS 385 ジラーチ
68%
BW 伝説 646 キュレム
68%
DP 準伝説 486 レジギガス
67%
DP 伝説 487 ギラティナ
67%
DP 492 シェイミ
65%
RS 準伝説 380 ラティアス
64%
RS 準伝説 381 ラティオス
63%
RS 386 デオキシス
63%
DP 準伝説 480 ユクシー
63%
DP 490 マナフィ
63%
BW 647 ケルディオ
63%
XY 伝説 716 ゼルネアス
63%
XY 伝説 717 イベルタル
63%
赤緑 128 ケンタロス
62%
DP 準伝説 482 アグノム
62%
DP 準伝説 488 クレセリア
62%
BW 494 ビクティニ
62%
XY 伝説 718 ジガルデ
62%
BW 準伝説 639 テラキオン
61%
DP 準伝説 481 エムリット
60%
DP 準伝説 485 ヒードラン
60%
BW 準伝説 640 ビリジオン
60%
BW 準伝説 641 トルネロス
60%
剣盾 伝説 888 ザシアン
60%
赤緑 131 ラプラス
58%
赤緑 142 プテラ
58%
BW 準伝説 638 コバルオン
58%
BW 準伝説 642 ボルトロス
58%
BW 準伝説 645 ランドロス
58%
BW 649 ゲノセクト
58%
DP 489 フィオネ
57%
SV 伝説 1007 コライドン
57%
SV 伝説 1008 ミライドン
57%
剣盾 伝説 889 ザマゼンタ
56%
赤緑 115 ガルーラ
54%
赤緑 132 メタモン
54%
SM 準伝説 785 カプ・コケコ
54%
XY 721 ボルケニオン
53%
SM 伝説 800 ネクロズマ
53%
赤緑 127 カイロス
52%
BW 648 メロエッタ
52%
SM 準伝説 794 マッシブーン
52%
剣盾 伝説 890 ムゲンダイナ
52%
XY 719 ディアンシー
51%
SM 準伝説 795 フェローチェ
51%
SM 準伝説 799 アクジキング
51%
剣盾 準伝説 894 レジエレキ
51%
SM 準伝説 787 カプ・ブルル
50%
SM 準伝説 788 カプ・レヒレ
50%
SM 準伝説 797 テッカグヤ
50%
SM 準伝説 798 カミツルギ
50%
剣盾 準伝説 895 レジドラゴ
50%
XY 720 フーパ
49%
SM 801 マギアナ
49%
RS 359 アブソル
48%
SM 準伝説 793 ウツロイド
48%
金銀 201 アンノーン
47%
金銀 227 エアームド
47%
SM 準伝説 786 カプ・テテフ
47%
SV 準伝説 1004 イーユイ
47%
RS 312 マイナン
46%
SM 準伝説 805 ツンデツンデ
46%
アルセウス 準伝説 905 ラブトロス
46%
SV 準伝説 1002 パオジアン
46%
RS 311 プラスル
45%
SV 991 テツノツツミ
45%
SV 準伝説 1003 ディンルー
45%
SV 準伝説 1017 オーガポン
45%
金銀 214 ヘラクロス
44%
SM 807 ゼラオラ
44%
SV 985 サケブシッポ
44%
SV 準伝説 1001 チオンジェン
44%
SV 1025 モモワロウ
44%
DP 417 パチリス
43%
SM 778 ミミッキュ
43%
SV 992 テツノカイナ
43%
SV 伝説 1024 テラパゴス
43%
金銀 241 ミルタンク
42%
BW 531 タブンネ
42%
SM 準伝説 796 デンジュモク
42%
SM 準伝説 806 ズガドーン
42%
SV 987 ハバタクカミ
42%
DP 479 ロトム
41%
BW 587 エモンガ
41%
SV 1006 テツノブジン
41%
XY 702 デデンネ
40%
SM 802 マーシャドー
40%
剣盾 伝説 898 バドレックス
40%
SV 990 テツノワダチ
40%
SV 1005 トドロクツキ
40%
SV 準伝説 1014 イイネイヌ
40%
RS 302 ヤミラミ
39%
RS 357 トロピウス
39%
SV 準伝説 1015 マシマシラ
39%
SV 1021 タケルライコ
39%
金銀 235 ドーブル
38%
RS 303 クチート
38%
RS 370 ラブカス
38%
DP 442 ミカルゲ
38%
BW 538 ナゲキ
38%
BW 539 ダゲキ
38%
BW 621 クリムガン
38%
BW 632 アイアント
38%
剣盾 893 ザルード
38%
SV 984 イダイナキバ
38%
SV 989 スナノケガワ
38%
SV 994 テツノドクガ
38%
SV 1009 ウネルミナモ
38%
SV 1010 テツノイサハ
38%
SV 準伝説 1016 キチキギス
38%
RS 337 ルナトーン
37%
RS 338 ソルロック
37%
XY 703 メレシー
37%
SV 977 ヘイラッシャ
37%
SV 988 チヲハウハネ
37%
RS 327 パッチール
36%
RS 335 ザングース
36%
BW 615 フリージオ
36%
剣盾 準伝説 897 レイスポス
36%
SV 995 テツノイバラ
36%
RS 336 ハブネーク
35%
RS 351 ポワルン
35%
BW 631 クイタラン
35%
剣盾 準伝説 896 ブリザポス
35%
SV 978 シャリタツ
35%
SV 993 テツノコウベ
35%
金銀 225 デリバード
34%
BW 561 シンボラー
34%
BW 618 マッギョ
34%
BW 626 バッフロン
34%
DP 455 マスキッパ
33%
SM 780 ジジーロン
33%
SV 1022 テツノイワオ
33%
XY 707 クレッフィ
32%
RS 324 コータス
31%
SV 986 アラブルタケ
31%
SV 1020 ウガツホムラ
31%
SV 1023 テツノカシラ
31%
RS 369 ジーランス
30%
BW 594 ママンボウ
30%
RS 352 カクレオン
29%
BW 556 マラカッチ
29%
SM 777 トゲデマル
29%
SM 776 バクガメス
28%
剣盾 877 モルペコ
28%
金銀 213 ツボツボ
27%
DP 441 ペラップ
27%
SM 746 ヨワシ
27%
SM 774 メテノ
27%
SV 967 モトトカゲ
27%
RS 314 イルミーゼ
26%
SM 781 ダダリン
26%
剣盾 875 コオリッポ
26%
SV 973 カラミンゴ
26%
RS 313 バルビート
25%
XY 676 トリミアン
25%
XY 701 ルチャブル
25%
SM 765 ヤレユータン
25%
剣盾 874 イシヘンジン
25%
SM 775 ネッコアラ
24%
SM 741 オドリドリ
23%
剣盾 870 タイレーツ
23%
剣盾 881 パッチルドン
23%
剣盾 882 ウオノラゴン
23%
SM 766 ナゲツケサル
22%
剣盾 880 パッチラゴン
22%
剣盾 883 ウオチルドン
22%
SV 950 ガケガニ
22%
SV 962 オトシドリ
22%
SV 976 ミガルーサ
22%
SM 764 キュワワー
20%
SM 771 ナマコブシ
20%
SM 779 ハギギシリ
20%
SV 968 ミミズズ
20%
剣盾 876 イエッサン
19%
SV 931 イキリンコ
19%
剣盾 845 ウッウ
17%
剣盾 871 バチンウニ
15%
No matching quizzes found
Score Distribution
Percent of People with Each Score
Percentile by Number Answered
Your Score History
You have not taken this quiz since the last reset